Là c'est die - Ridsa - Statistiques

Statistiques générales
  • Ce quiz a été pris 70 fois
  • Le résultat moyen est 203 sur 338
Statistiques - réponses
Réponse % Correct
ce
100%
Ce
100%
c’est
100%
c'est
100%
C'est
100%
die
100%
100%
100%
là,
100%
la
100%
100%
me
86%
Je
84%
je
84%
Et
82%
et
82%
À
78%
à
78%
que
76%
de
75%
j’ai
75%
J'ai
75%
ma
75%
pas
75%
mon
71%
ta
71%
Ça
69%
ça
69%
va
67%
Comme
65%
en
65%
go
65%
te
65%
tout
65%
le
63%
On
63%
on
63%
son,
63%
son
63%
elle
61%
Elle
61%
ne
61%
un
61%
Un
61%
jaille
59%
dit
57%
mes
57%
ton
57%
tu
57%
goût
55%
l’action
55%
l'action
55%
Laisse-moi
55%
passer
55%
peau
55%
dans
53%
d’un
53%
d'un
53%
moment,
53%
Monte
53%
Attention,
51%
dos
51%
pression
51%
sans
51%
Sur
51%
vanille
51%
baisse
49%
conseil
49%
génie
49%
j’atterris
49%
J'fais
49%
j’peux
49%
j'peux
49%
m’kiffes
49%
m'kiffes
49%
y
49%
commencé
47%
French
47%
mal
47%
même
47%
toute
47%
bails
45%
Bébé,
45%
bronzée
45%
Car
45%
J’aime
45%
j'm'enjaille
45%
kiss
45%
masser
45%
parle
45%
regarde
45%
Vas-y
45%
Calmement,
43%
Calmement,
43%
dis
43%
d’question
43%
d'question
43%
frotte
43%
J’avoue
43%
Mec,
43%
tal
43%
train
43%
crise,
41%
fait
41%
fixer
41%
whine
41%
étaient
39%
Hola
39%
qu’tu
39%
depuis
37%
d'me
37%
Numéro
37%
s'ils
37%
dix
35%
Hé,
35%
35%
soir
35%
t'es
35%
veut
35%
vite
35%
classico
33%
des
33%
joue
33%
J'suis
33%
l'heure
33%
miss,
33%
oui
33%
qu’j’suis
33%
trop
33%
Ah,
31%
gloss
31%
gosse
31%
oh la la la
31%
qu'me
31%
une
29%
diff'
27%
faire
27%
glisser
27%
l'avoue
27%
love
27%
Paire
27%
accompagné
25%
Ban
25%
bluffé
25%
cou
25%
m'faire
25%
pourtant
25%
salam
25%
d'Ray
24%
hello
24%
juste
24%
J'veux
24%
kiffer
24%
sens
24%
d'vices
22%
J'crois
22%
main
22%
n'joue
22%
qu'elle
22%
d'une
20%
t't
20%
bastos
18%
J'pense
18%
Gamos
16%
qu'j'vais
14%
traîne
14%
t'donner
6%
goputer
2%
j'n'enjaille
0%
Aucun quiz correspondant
Distribution des résultats
% des personnes avec chaque résultat
Percentile par nombre de réponses
Votre historique - résultats
Vous n’avez pas pris ce quiz